000 00504nam a2200181Ia 4500
005 20250317123315.0
008 008 250317s9999 xx 000 0 eng d
037 _aTextbook
040 _aFMSL
_beng
_cFMSL
041 _aeng
_2eng
084 _aX8(D5133) K9
_qFMSL
100 _aLowe C W
245 0 _aCritical path analysis by bar chart
260 _aLondon
_bLondon, Business Book
_c1969
300 _a210p
942 _cTB
_hX8(D5133) K9
999 _c1250739
_d1250739